LEADER 03760nam 2200589 a 450 001 9910463036703321 005 20200520144314.0 010 $a0-470-67377-X 010 $a1-118-45030-2 010 $a1-118-45044-2 035 $a(CKB)2670000000359241 035 $a(EBL)1204633 035 $a(OCoLC)846495038 035 $a(MiAaPQ)EBC1204633 035 $a(MiAaPQ)EBC4035478 035 $a(PPN)197215084 035 $a(Au-PeEL)EBL1204633 035 $a(CaPaEBR)ebr10713576 035 $a(EXLCZ)992670000000359241 100 $a20130115d2013 uy 0 101 0 $aeng 135 $aur|n|---||||| 181 $2rdacontent 182 $2rdamedia 183 $2rdacarrier 200 10$aBasin analysis$b[electronic resource] $eprinciples and application to petroleum play assessment /$fPhilip A. Allen and John R. Allen 205 $a3rd ed. 210 $aChichester, West Susex, U.K. $cWiley-Blackwell$d2013 215 $axii, 619 p. $cill. (some col.), maps (some col.) 300 $aDescription based upon print version of record. 311 $a1-118-45047-7 311 $a0-470-67376-1 320 $aIncludes bibliographical references and index. 327 $apt. 1. The foundations of sedimentary basins -- pt. 2. The mechanics of sedimentary basin formation -- pt. 3. The sedimentary basin-fill -- pt. 4. Application to petroleum play assessment. 330 $a"Basin Analysis is an advanced undergraduate and postgraduate text aimed at understanding sedimentary basins as geodynamic entities. The rationale of the book is that knowledge of the basic principles of the thermo-mechanical behaviour of the lithosphere, the dynamics of the mantle, and the functioning of sediment routing systems provides a sound background for studying sedimentary basins, and is a pre-requisite for the exploitation of resources contained in their sedimentary rocks. The third edition incorporates new developments in the burgeoning field of basin analysis while retaining the successful structure and overall philosophy of the first two editions.The text is divided into 4 parts that establish the geodynamical environment for sedimentary basins and the physical state of the lithosphere, followed by a coverage of the mechanics of basin formation, an integrated analysis of the controls on the basin-fill and its burial and thermal history, and concludes with an application of basin analysis principles in petroleum play assessment, including a discussion of unconventional hydrocarbon plays. The text is richly supplemented by Appendices providing mathematical derivations of a wide range of processes affecting the formation of basins and their sedimentary fills. Many of these Appendices include practical exercises that give the reader hands-on experience of quantitative solutions to important basin analysis processes.Now in full colour and a larger format, this third edition is a comprehensive update and expansion of the previous editions, and represents a rigorous yet accessible guide to problem solving in this most integrative of geoscientific disciplines.Additional resources for this book can be found at: www.wiley.com/go/allen/basinanalysis"--$cProvided by publisher. 606 $aSedimentary basins 606 $aPetroleum$xGeology 606 $aPetroleum$xProspecting 608 $aElectronic books. 615 0$aSedimentary basins. 615 0$aPetroleum$xGeology. 615 0$aPetroleum$xProspecting. 676 $a552/.5 700 $aAllen$b P. A$0967460 701 $aAllen$b John R$g(John Richard),$f1953-$0967461 801 0$bMiAaPQ 801 1$bMiAaPQ 801 2$bMiAaPQ 906 $aBOOK 912 $a9910463036703321 996 $aBasin analysis$92196495 997 $aUNINA LEADER 02621nam 2200433z- 450 001 9910295806803321 005 20260329165614.0 010 $a2-490296-20-5 035 $a(CKB)4100000007205253 035 $a(oapen)https://directory.doabooks.org/handle/20.500.12854/59048 035 $a(oapen)doab59048 035 $a(EXLCZ)994100000007205253 100 $a20202102d2011 |y 0 101 0 $afre 135 $aurmn|---annan 181 $ctxt$2rdacontent 182 $cc$2rdamedia 183 $acr$2rdacarrier 200 00$aSe vêtir À LA COUR EN EUROPE 1400-1815$eCultures matérielles, cultures visuelles du costume dans les cours européennes 210 $cPublications de l'Institut de recherches historiques du Septentrion$d2011 215 $a1 online resource 311 08$a2-905637-64-1 330 $aC'est à la cour, lieu du paraître par excellence, que s'exprime le plus la préoccupation des sociétés pour les apparences. Que signifie la façon de se vêtir dans cette « société du spectacle » ? Le paraître vestimentaire y est un puissant moteur de pratiques culturelles qui touchent au corps et à l'identité. Il active toute une économie du luxe et alimente la dynamique des échanges entre les cours européennes. Cet ouvrage aborde le vestiaire des princes et de leurs courtisans entre 1400 et 1815, en plein essor de la société curiale. Les souverains ont été parmi les premiers à avoir pris conscience du pouvoir de l'habit et l'ont porté au plus haut degré de raffinement. Se vêtir, c'est aussi régner et gouverner. Loin d'être figé par un système contraignant de codification des apparences, l'habit de cour se définit en fonction de la mode dans laquelle il joue un rôle décisif, notamment en matière de circulations internationales. Élément d'une culture matérielle somptueuse du passé, l'habit de cour perdure dans notre culture visuelle. Sur les podiums de la haute couture ou à l'écran, il reformule des apparences qui relevaient, en leur temps, elles aussi, de la performance des corps et des textiles. 517 $aSe vêtir À LA COUR EN EUROPE 1400-1815 606 $aBiography and non-fiction prose$2bicssc 610 $aapparence 610 $acostume 610 $acour 610 $acourtisans 610 $am?urs 610 $aroi 610 $asouverain 615 7$aBiography and non-fiction prose 700 $aIsabelle Paresys$4auth$01228413 702 $aNatacha Coquery$4auth 906 $aBOOK 912 $a9910295806803321 996 $aSe vêtir À LA COUR EN EUROPE 1400-1815$93041233 997 $aUNINA